| 000 | 01170cad a22002175a 4500 | ||
|---|---|---|---|
| 001 | L151332 | ||
| 008 | 101022s2010 xxk f 000 0 eng d | ||
| 020 | _a9781409825821 | ||
| 035 | _a(Sirsi) u151332 | ||
| 041 | 0 | _aeng | |
| 050 | 0 | 4 | _a306 $2 18 |
| 110 | 2 |
_aUnited Kingdom _bDepartment for Communities and Local Government _94939 |
|
| 245 | 0 | 0 |
_aFinal stage impact assessment 0015 _bconsolidation of the Building Regulations 2000 (as amended) and the Building (Approved Inspectors etc) Regulations 2000 (as amended) _h[electronic resource] |
| 260 |
_aLondon _bDCLG _c2010 |
||
| 520 | _aThis impact assessment number 15 accompanies the Building Regulations 2010 and the Building (Approved Inspectors etc.) Regulations 2010; this document assesses the impact of the Consolidation of the Building Regulations 2000 (as amended) and the Building (Approved Inspectors etc.) Regulations 2000 (as amended). | ||
| 590 | _aKA NTK | ||
| 651 | 4 |
_aEngland and Wales _y1543- |
|
| 690 |
_aBuilding regulations _96224 |
||
| 856 | 4 | 0 |
_uhttps://www.communities.gov.uk/documents/planningandbuilding/pdf/1733841.pdf _zView the item free of charge at www.communities.gov.uk |
| 942 | _n0 | ||
| 999 |
_c111297 _d111297 |
||